[Event "DVM U16 2018"]
[Site "Aurich GER"]
[Date "2018.12.29"]
[Round "5"]
[White "Bethke, Richard"]
[Black "Post, Hugo"]
[Result "1/2-1/2"]
[Termination "normal"]
[Board "1.1"]
[WhiteElo "2219"]
[BlackElo "2104"]
[WhiteClock "00:47:44"]
[BlackClock "00:19:07"]
[WhiteTeam "SF Neuberg"]
[BlackTeam "Reideburger SV 90 Halle"]
[PlyCount "77"]
[WhiteFideId "12959243"]
[BlackFideId "12962490"]
[EventCountry "GER"]
[EventRounds "7"]
[EventType "team-swiss"]
[EventDate "2018.12.26"]

1. e4 {[%clk 01:30:57]} {[%emt 00:00:02]} c5 {[%clk 01:30:48]} {[%emt
00:00:12]} 2. Nf3 {[%clk 01:31:23]} {[%emt 00:00:04]} d6 {[%clk 01:31:08]}
{[%emt 00:00:10]} 3. d4 {[%clk 01:31:50]} {[%emt 00:00:04]} cxd4 {[%clk
01:31:31]} {[%emt 00:00:06]} 4. Nxd4 {[%clk 01:32:15]} {[%emt 00:00:05]} Nf6
{[%clk 01:31:54]} {[%emt 00:00:07]} 5. Nc3 {[%clk 01:32:41]} {[%emt 00:00:04]}
e6 {[%clk 01:32:07]} {[%emt 00:00:17]} 6. Be3 {[%clk 01:33:02]} {[%emt
00:00:09]} Be7 {[%clk 01:32:19]} {[%emt 00:00:19]} 7. Be2 {[%clk 01:33:28]}
{[%emt 00:00:04]} O-O {[%clk 01:32:20]} {[%emt 00:00:29]} 8. O-O {[%clk
01:33:44]} {[%emt 00:00:14]} a6 {[%clk 01:32:19]} {[%emt 00:00:30]} 9. f4
{[%clk 01:34:01]} {[%emt 00:00:14]} Nc6 {[%clk 01:32:26]} {[%emt 00:00:22]} 10.
Kh1 {[%clk 01:33:44]} {[%emt 00:00:46]} Qc7 {[%clk 01:31:43]} {[%emt 00:01:14]}
11. Qe1 {[%clk 01:34:07]} {[%emt 00:00:07]} b5 {[%clk 01:19:05]} {[%emt
00:13:08]} 12. Nxc6 {[%clk 01:28:13]} {[%emt 00:06:24]} Qxc6 {[%clk 01:19:26]}
{[%emt 00:00:09]} 13. Bf3 {[%clk 01:28:38]} {[%emt 00:00:05]} Bb7 {[%clk
01:19:02]} {[%emt 00:00:53]} 14. e5 {[%clk 01:20:15]} {[%emt 00:08:54]} Nd5
{[%clk 01:19:24]} {[%emt 00:00:08]} 15. Rd1 {[%clk 01:20:03]} {[%emt 00:00:42]}
Qc4 {[%clk 01:11:36]} {[%emt 00:08:18]} 16. Rd4 {[%clk 01:16:00]} {[%emt
00:04:32]} Qc7 {[%clk 01:12:01]} {[%emt 00:00:06]} 17. Nxd5 {[%clk 01:13:48]}
{[%emt 00:02:42]} exd5 {[%clk 01:12:28]} {[%emt 00:00:04]} 18. exd6 {[%clk
01:13:47]} {[%emt 00:00:30]} Qxd6 {[%clk 01:09:15]} {[%emt 00:03:43]} 19. c3
{[%clk 01:12:29]} {[%emt 00:01:47]} Rad8 {[%clk 01:07:16]} {[%emt 00:02:30]}
20. Qd2 {[%clk 01:11:44]} {[%emt 00:01:11]} Rfe8 {[%clk 00:52:49]} {[%emt
00:15:01]} 21. Rd3 {[%clk 01:08:17]} {[%emt 00:03:56]} Bf6 {[%clk 00:42:28]}
{[%emt 00:10:52]} 22. Bd4 {[%clk 01:08:11]} {[%emt 00:00:34]} Bxd4 {[%clk
00:42:16]} {[%emt 00:00:44]} 23. Rxd4 {[%clk 01:08:32]} {[%emt 00:00:09]} Re7
{[%clk 00:40:26]} {[%emt 00:02:19]} 24. h3 {[%clk 00:58:53]} {[%emt 00:10:10]}
h6 {[%clk 00:35:41]} {[%emt 00:05:15]} 25. Rd1 {[%clk 00:58:35]} {[%emt
00:00:47]} Qc5 {[%clk 00:31:06]} {[%emt 00:05:06]} 26. Re1 {[%clk 00:57:30]}
{[%emt 00:01:29]} Rde8 {[%clk 00:22:58]} {[%emt 00:08:45]} 27. Rxe7 {[%clk
00:56:43]} {[%emt 00:01:16]} Qxe7 {[%clk 00:22:44]} {[%emt 00:00:44]} 28. Bxd5
{[%clk 00:56:27]} {[%emt 00:00:47]} Qe1+ {[%clk 00:23:03]} {[%emt 00:00:11]}
29. Kh2 {[%clk 00:55:17]} {[%emt 00:01:39]} Qxd2 {[%clk 00:23:21]} {[%emt
00:00:12]} 30. Rxd2 {[%clk 00:55:42]} {[%emt 00:00:05]} Bxd5 {[%clk 00:23:48]}
{[%emt 00:00:03]} 31. Rxd5 {[%clk 00:56:05]} {[%emt 00:00:06]} Re2 {[%clk
00:24:14]} {[%emt 00:00:05]} 32. Rd8+ {[%clk 00:55:25]} {[%emt 00:01:09]} Kh7
{[%clk 00:24:39]} {[%emt 00:00:06]} 33. Ra8 {[%clk 00:55:18]} {[%emt 00:00:36]}
Rxb2 {[%clk 00:19:54]} {[%emt 00:05:16]} 34. Rxa6 {[%clk 00:55:09]} {[%emt
00:00:38]} Rc2 {[%clk 00:19:51]} {[%emt 00:00:34]} 35. Ra5 {[%clk 00:54:29]}
{[%emt 00:01:10]} Rxc3 {[%clk 00:19:53]} {[%emt 00:00:29]} 36. Rxb5 {[%clk
00:54:51]} {[%emt 00:00:07]} Ra3 {[%clk 00:20:20]} {[%emt 00:00:03]} 37. Rb2
{[%clk 00:55:13]} {[%emt 00:00:08]} Kg6 {[%clk 00:20:12]} {[%emt 00:00:38]} 38.
g4 {[%clk 00:52:10]} {[%emt 00:03:32]} h5 {[%clk 00:19:07]} {[%emt 00:01:37]}
39. Rg2 {[%clk 00:47:44]} {[%emt 00:04:51]} 1/2-1/2

[Event "DVM U16 2018"]
[Site "Aurich GER"]
[Date "2018.12.29"]
[Round "5"]
[White "Baranyai-Molnar, Adam-Kristof"]
[Black "Henning, Marvin"]
[Result "0-1"]
[Termination "normal"]
[Board "1.3"]
[WhiteElo "1883"]
[BlackElo "1988"]
[WhiteClock "00:40:50"]
[BlackClock "00:27:44"]
[WhiteTeam "SF Neuberg"]
[BlackTeam "Reideburger SV 90 Halle"]
[PlyCount "118"]
[WhiteFideId "768022"]
[BlackFideId "12957399"]
[EventCountry "GER"]
[EventRounds "7"]
[EventType "team-swiss"]
[EventDate "2018.12.26"]

1. e4 {[%clk 01:30:58]} g6 {[%clk 01:30:53]} {[%emt 00:00:12]} 2. d4 {[%clk
01:31:21]} Bg7 {[%clk 01:31:19]} {[%emt 00:00:11]} 3. c3 {[%clk 01:31:46]} d6
{[%clk 01:31:45]} {[%emt 00:00:09]} 4. Bc4 {[%clk 01:31:53]} e6 {[%emt
00:00:56]} 5. f4 {[%clk 01:32:07]} Ne7 {[%clk 01:32:07]} {[%emt 00:00:21]} 6.
Nf3 {[%clk 01:32:29]} d5 {[%clk 01:30:13]} {[%emt 00:02:32]} 7. exd5 {[%clk
01:32:20]} exd5 {[%clk 01:30:34]} {[%emt 00:00:48]} 8. Bd3 {[%clk 01:32:20]}
Nd7 {[%clk 01:29:02]} {[%emt 00:02:32]} 9. O-O {[%clk 01:32:39]} O-O {[%clk
01:26:16]} {[%emt 00:03:26]} 10. Re1 {[%clk 01:30:11]} Re8 {[%clk 01:19:25]}
{[%emt 00:10:20]} 11. Be3 {[%clk 01:30:25]} Nf8 {[%clk 01:19:20]} {[%emt
00:00:51]} 12. Nbd2 {[%clk 01:30:41]} h5 {[%clk 01:15:29]} {[%emt 00:04:36]}
13. Nf1 {[%clk 01:29:41]} Nf5 {[%clk 01:04:25]} {[%emt 00:13:03]} 14. Bf2
{[%clk 01:27:25]} Be6 {[%clk 00:58:36]} {[%emt 00:09:06]} 15. Ng3 {[%clk
01:27:10]} Nxg3 {[%clk 00:48:49]} {[%emt 00:11:01]} 16. Bxg3 {[%clk 01:27:32]}
c6 {[%clk 00:42:33]} {[%emt 00:06:54]} 17. Qb3 {[%clk 01:27:15]} b6 {[%clk
00:41:48]} {[%emt 00:02:02]} 18. Ne5 {[%clk 01:23:54]} {[%emt 00:03:19]} Qc8
{[%clk 00:39:16]} 19. Bh4 {[%clk 01:22:08]} {[%emt 00:04:38]} Nd7 20. Rf1
{[%emt 00:06:25]} c5 {[%clk 00:35:20]} {[%emt 00:00:13]} 21. Bb5 {[%emt
00:06:41]} a6 {[%clk 00:29:50]} {[%emt 00:00:52]} 22. Bxd7 {[%clk 01:20:05]}
Bxd7 {[%clk 00:30:15]} 23. Qxd5 {[%clk 01:20:05]} Be6 {[%clk 00:30:15]} {[%emt
00:00:50]} 24. Qd6 {[%emt 00:03:02]} Bf8 {[%clk 00:29:05]} {[%emt 00:00:11]}
25. Qxb6 {[%clk 01:19:19]} {[%emt 00:00:13]} Rb8 {[%clk 00:29:27]} {[%emt
00:00:08]} 26. Qa5 {[%clk 01:19:35]} {[%emt 00:00:14]} Rxb2 {[%emt 00:00:59]}
27. Rf2 {[%clk 01:19:03]} {[%emt 00:01:32]} Rb5 28. Qa4 {[%emt 00:01:17]} cxd4
{[%clk 00:28:41]} 29. cxd4 {[%clk 01:19:05]} {[%emt 00:00:27]} Rb4 {[%clk
00:28:03]} {[%emt 00:01:08]} 30. Qd1 {[%clk 01:18:52]} {[%emt 00:00:41]} Qc3
{[%clk 00:26:52]} {[%emt 00:01:42]} 31. Nf3 {[%clk 01:09:50]} {[%emt 00:09:32]}
Bg4 {[%clk 00:25:30]} {[%emt 00:01:53]} 32. Bf6 {[%clk 01:09:50]} {[%emt
00:00:29]} Rb6 {[%clk 00:22:33]} {[%emt 00:03:27]} 33. Bh4 {[%clk 00:56:44]}
{[%emt 00:13:36]} Bg7 {[%clk 00:15:33]} {[%emt 00:07:31]} 34. Qa4 {[%clk
00:42:05]} {[%emt 00:15:08]} Reb8 {[%clk 00:10:14]} {[%emt 00:05:49]} 35. Rd1
{[%clk 00:35:20]} {[%emt 00:07:15]} Rb1 {[%clk 00:07:17]} {[%emt 00:03:29]} 36.
Rff1 {[%clk 00:21:48]} {[%emt 00:14:01]} Rxd1 {[%clk 00:06:20]} {[%emt
00:01:27]} 37. Qxd1 {[%clk 00:22:10]} {[%emt 00:00:08]} Bxf3 {[%clk 00:05:07]}
{[%emt 00:01:44]} 38. Rxf3 {[%clk 00:21:59]} {[%emt 00:00:40]} Qxd4+ {[%clk
00:05:05]} {[%emt 00:00:31]} 39. Qxd4 {[%clk 00:22:24]} {[%emt 00:00:06]} Bxd4+
{[%clk 00:05:34]} 40. Kf1 {[%clk 00:22:46]} {[%emt 00:00:08]} Rb1+ {[%clk
00:01:58]} {[%emt 00:04:06]} 41. Be1 {[%clk 00:23:04]} {[%emt 00:00:12]} Bc5
{[%clk 00:01:27]} {[%emt 00:01:00]} 42. Ke2 {[%clk 00:12:53]} {[%emt 00:10:41]}
Rb2+ {[%clk 00:01:16]} {[%emt 00:00:41]} 43. Kd3 {[%clk 00:13:14]} {[%emt
00:00:10]} Rxa2 {[%clk 00:00:47]} {[%emt 00:01:00]} 44. Kc4 {[%clk 00:12:36]}
{[%emt 00:01:07]} Be7 {[%clk 00:30:12]} {[%emt 00:01:34]} 45. Rf2 {[%clk
00:43:07]} {[%emt 00:00:59]} Ra4+ {[%clk 00:29:30]} {[%emt 00:01:13]} 46. Kd5
{[%clk 00:43:09]} {[%emt 00:00:27]} Bf6 {[%clk 00:29:49]} {[%emt 00:00:12]} 47.
g3 {[%clk 00:42:34]} {[%emt 00:01:05]} Kg7 {[%clk 00:29:21]} {[%emt 00:00:58]}
48. Rc2 {[%clk 00:42:21]} {[%emt 00:00:41]} Rd4+ {[%clk 00:29:09]} {[%emt
00:00:43]} 49. Kc5 {[%clk 00:42:32]} {[%emt 00:00:19]} Re4 {[%clk 00:29:13]}
{[%emt 00:00:27]} 50. Bf2 {[%clk 00:42:46]} {[%emt 00:00:17]} Ra4 {[%clk
00:28:01]} {[%emt 00:01:41]} 51. Rd2 {[%clk 00:40:35]} {[%emt 00:02:39]} Ra1
{[%clk 00:27:27]} {[%emt 00:01:07]} 52. Bd4 {[%clk 00:38:59]} {[%emt 00:02:06]}
Bxd4+ {[%clk 00:27:51]} {[%emt 00:00:05]} 53. Rxd4 {[%clk 00:39:12]} {[%emt
00:00:17]} Ra2 {[%clk 00:28:16]} {[%emt 00:00:05]} 54. Rd6 {[%clk 00:39:33]}
{[%emt 00:00:08]} Rxh2 {[%clk 00:28:27]} {[%emt 00:00:19]} 55. Rxa6 {[%clk
00:39:58]} {[%emt 00:00:06]} Rg2 {[%clk 00:28:26]} {[%emt 00:00:32]} 56. Ra3
{[%clk 00:40:20]} {[%emt 00:00:06]} Rd2 {[%clk 00:28:51]} {[%emt 00:00:05]} 57.
Kc4 {[%clk 00:40:23]} {[%emt 00:00:27]} Kf6 {[%clk 00:29:01]} {[%emt 00:00:21]}
58. Kc3 {[%clk 00:40:39]} {[%emt 00:00:14]} Rd1 {[%clk 00:27:35]} {[%emt
00:01:55]} 59. Kc2 {[%clk 00:40:50]} {[%emt 00:00:20]} Rd5 {[%clk 00:27:44]}
{[%emt 00:00:20]} 0-1

[Event "DVM U16 2018"]
[Site "Aurich GER"]
[Date "2018.12.29"]
[Round "5"]
[White "Seidel, Arne Christian"]
[Black "Emmerich, Julian"]
[Result "1-0"]
[Termination "normal"]
[Board "1.4"]
[WhiteElo "1602"]
[BlackElo "1241"]
[WhiteClock "00:09:41"]
[BlackClock "00:07:41"]
[WhiteTeam "Reideburger SV 90 Halle"]
[BlackTeam "SF Neuberg"]
[PlyCount "83"]
[WhiteFideId "16235142"]
[BlackFideId "16274822"]
[EventCountry "GER"]
[EventRounds "7"]
[EventType "team-swiss"]
[EventDate "2018.12.26"]

1. d4 {[%clk 01:30:56]} {[%emt 00:00:04]} d5 {[%clk 01:30:51]} {[%emt
00:00:09]} 2. c4 {[%clk 01:31:16]} {[%emt 00:00:10]} e6 {[%clk 01:31:16]}
{[%emt 00:00:05]} 3. Nf3 {[%clk 01:31:31]} {[%emt 00:00:15]} Nf6 {[%clk
01:31:35]} {[%emt 00:00:12]} 4. g3 {[%clk 01:31:01]} {[%emt 00:01:00]} Bb4+
{[%clk 01:31:53]} {[%emt 00:00:11]} 5. Bd2 {[%clk 01:30:58]} {[%emt 00:00:33]}
Bd6 {[%clk 01:32:11]} {[%emt 00:00:12]} 6. Bg2 {[%clk 01:29:45]} {[%emt
00:01:43]} c6 {[%clk 01:32:00]} {[%emt 00:00:42]} 7. Qc2 {[%clk 01:25:54]}
{[%emt 00:04:20]} Nbd7 {[%clk 01:31:32]} {[%emt 00:00:59]} 8. Nc3 {[%clk
01:22:54]} {[%emt 00:03:30]} O-O {[%clk 01:27:12]} {[%emt 00:04:50]} 9. O-O
{[%clk 01:23:08]} {[%emt 00:00:16]} b6 {[%clk 01:25:38]} {[%emt 00:02:04]} 10.
e4 {[%clk 01:17:27]} {[%emt 00:06:10]} Be7 {[%clk 01:24:17]} {[%emt 00:01:51]}
11. e5 {[%clk 01:17:03]} {[%emt 00:00:55]} Ne8 {[%clk 01:20:37]} {[%emt
00:04:09]} 12. b3 {[%clk 01:15:34]} {[%emt 00:02:00]} Bb7 {[%clk 01:18:04]}
{[%emt 00:03:02]} 13. Rae1 {[%clk 01:11:34]} {[%emt 00:04:30]} Nc7 {[%clk
01:12:45]} {[%emt 00:05:50]} 14. h4 {[%clk 01:07:52]} {[%emt 00:04:11]} Rc8
{[%clk 00:59:48]} {[%emt 00:13:27]} 15. Ng5 {[%clk 01:03:10]} {[%emt 00:05:12]}
g6 {[%clk 00:56:34]} {[%emt 00:03:44]} 16. Qb2 {[%clk 00:46:02]} {[%emt
00:17:38]} c5 {[%clk 00:52:19]} {[%emt 00:04:45]} 17. dxc5 {[%clk 00:46:15]}
{[%emt 00:00:18]} Nxc5 {[%clk 00:52:15]} {[%emt 00:00:33]} 18. Rd1 {[%clk
00:38:35]} {[%emt 00:08:10]} Nd3 {[%clk 00:44:32]} {[%emt 00:08:13]} 19. Qb1
{[%clk 00:38:57]} {[%emt 00:00:08]} Nxe5 {[%clk 00:43:44]} {[%emt 00:01:18]}
20. Bf4 {[%clk 00:38:21]} {[%emt 00:01:06]} Nd7 {[%clk 00:37:18]} {[%emt
00:06:57]} 21. cxd5 {[%clk 00:38:03]} {[%emt 00:00:48]} Nxd5 {[%clk 00:35:24]}
{[%emt 00:02:24]} 22. Nxd5 {[%clk 00:38:14]} {[%emt 00:00:19]} Bxd5 {[%clk
00:35:20]} {[%emt 00:00:33]} 23. Bxd5 {[%clk 00:38:26]} {[%emt 00:00:19]} exd5
{[%clk 00:34:58]} {[%emt 00:00:52]} 24. Rxd5 {[%clk 00:38:49]} {[%emt
00:00:07]} Rc5 {[%clk 00:31:58]} {[%emt 00:03:30]} 25. Rfd1 {[%clk 00:36:26]}
{[%emt 00:02:52]} Rxd5 {[%clk 00:29:45]} {[%emt 00:02:43]} 26. Rxd5 {[%clk
00:35:23]} {[%emt 00:01:34]} Qc8 {[%clk 00:23:31]} {[%emt 00:06:43]} 27. Ne4
{[%clk 00:31:02]} {[%emt 00:04:51]} Nf6 {[%clk 00:20:14]} {[%emt 00:03:48]} 28.
Rd4 {[%clk 00:18:47]} {[%emt 00:12:44]} Nxe4 {[%clk 00:17:25]} {[%emt
00:03:19]} 29. Qxe4 {[%clk 00:18:54]} {[%emt 00:00:23]} Re8 {[%clk 00:16:24]}
{[%emt 00:01:32]} 30. Qf3 {[%clk 00:14:58]} {[%emt 00:04:26]} Bc5 {[%clk
00:15:03]} {[%emt 00:01:50]} 31. Rd1 {[%clk 00:13:17]} {[%emt 00:02:11]} Rd8
{[%clk 00:10:34]} {[%emt 00:04:58]} 32. Rc1 {[%clk 00:11:38]} {[%emt 00:02:11]}
Qa8 {[%clk 00:09:00]} {[%emt 00:02:04]} 33. Qc3 {[%clk 00:07:14]} {[%emt
00:04:54]} Rc8 {[%clk 00:08:45]} {[%emt 00:00:44]} 34. Qf6 {[%clk 00:07:12]}
{[%emt 00:00:32]} Qc6 {[%clk 00:08:19]} {[%emt 00:00:56]} 35. Qxc6 {[%clk
00:07:28]} {[%emt 00:00:15]} Rxc6 {[%clk 00:08:39]} {[%emt 00:00:10]} 36. b4
{[%clk 00:07:50]} {[%emt 00:00:08]} Bxf2+ {[%clk 00:07:13]} {[%emt 00:01:55]}
37. Kxf2 {[%clk 00:08:14]} {[%emt 00:00:07]} Rxc1 {[%clk 00:07:37]} {[%emt
00:00:06]} 38. Bxc1 {[%clk 00:08:35]} {[%emt 00:00:08]} f5 {[%clk 00:07:41]}
{[%emt 00:00:26]} 39. Ke3 {[%clk 00:08:38]} {[%emt 00:00:27]} Kf7 {[%clk
00:07:54]} {[%emt 00:00:17]} 40. Kd4 {[%clk 00:09:01]} {[%emt 00:00:07]} Ke6
{[%clk 00:08:11]} {[%emt 00:00:13]} 41. b5 {[%clk 00:09:18]} {[%emt 00:00:14]}
h5 {[%clk 00:07:41]} {[%emt 00:00:59]} 42. Bf4 {[%clk 00:09:41]} {[%emt
00:00:07]} 1-0

[Event "DVM U16 2018"]
[Site "Aurich GER"]
[Date "2018.12.29"]
[Round "5"]
[White "Nguyen, Alex Dac-Vuong"]
[Black "Pölt, Christoph"]
[Result "1/2-1/2"]
[Termination "normal"]
[Board "2.1"]
[WhiteElo "2201"]
[BlackElo "2075"]
[WhiteClock "00:25:02"]
[BlackClock "00:21:20"]
[WhiteTeam "SG Leipzig"]
[BlackTeam "TV Tegernsee"]
[PlyCount "61"]
[WhiteFideId "12984388"]
[BlackFideId "12960853"]
[EventCountry "GER"]
[EventRounds "7"]
[EventType "team-swiss"]
[EventDate "2018.12.26"]

1. e4 {[%clk 01:30:56]} {[%emt 00:00:03]} c6 {[%clk 01:30:54]} {[%emt
00:00:06]} 2. Ne2 {[%clk 01:31:21]} {[%emt 00:00:05]} d5 {[%clk 01:31:19]}
{[%emt 00:00:06]} 3. e5 {[%clk 01:31:48]} {[%emt 00:00:03]} Bf5 {[%clk
01:27:03]} {[%emt 00:04:46]} 4. Ng3 {[%clk 01:32:10]} {[%emt 00:00:07]} e6
{[%clk 01:23:15]} {[%emt 00:04:18]} 5. Nxf5 {[%clk 01:29:26]} {[%emt 00:03:15]}
exf5 {[%clk 01:23:39]} {[%emt 00:00:05]} 6. d4 {[%clk 01:28:51]} {[%emt
00:00:36]} Nd7 {[%clk 01:21:58]} {[%emt 00:02:11]} 7. Bd3 {[%clk 01:28:50]}
{[%emt 00:01:00]} g6 {[%clk 01:21:39]} {[%emt 00:00:50]} 8. h4 {[%clk
01:25:59]} {[%emt 00:03:21]} h5 {[%clk 01:19:02]} {[%emt 00:03:07]} 9. Nd2
{[%clk 01:24:08]} {[%emt 00:02:21]} Bh6 {[%clk 01:17:50]} {[%emt 00:01:42]} 10.
Nf3 {[%clk 01:24:29]} {[%emt 00:00:08]} Nf8 {[%clk 01:14:05]} {[%emt 00:04:16]}
11. c3 {[%clk 01:07:42]} {[%emt 00:17:17]} Ne6 {[%clk 01:12:16]} {[%emt
00:02:19]} 12. Bxh6 {[%clk 01:07:02]} {[%emt 00:01:10]} Nxh6 {[%clk 01:12:01]}
{[%emt 00:00:45]} 13. Qd2 {[%clk 01:07:25]} {[%emt 00:00:06]} Qd7 {[%clk
01:02:11]} {[%emt 00:10:20]} 14. Ng5 {[%clk 01:05:47]} {[%emt 00:02:08]} Ng8
{[%clk 01:00:10]} {[%emt 00:02:32]} 15. O-O-O {[%clk 01:04:50]} {[%emt
00:01:27]} Ne7 {[%clk 00:59:25]} {[%emt 00:01:15]} 16. Kb1 {[%clk 01:05:14]}
{[%emt 00:00:06]} b5 {[%clk 00:55:55]} {[%emt 00:04:00]} 17. f3 {[%clk
01:03:38]} {[%emt 00:02:06]} Nc8 {[%clk 00:47:10]} {[%emt 00:09:14]} 18. Rdf1
{[%clk 01:02:40]} {[%emt 00:01:29]} Nb6 {[%clk 00:41:54]} {[%emt 00:05:45]} 19.
g4 {[%clk 01:02:14]} {[%emt 00:00:56]} Ng7 {[%clk 00:41:35]} {[%emt 00:00:49]}
20. gxf5 {[%clk 01:02:13]} {[%emt 00:00:32]} Nxf5 {[%clk 00:41:20]} {[%emt
00:00:45]} 21. e6 {[%clk 01:02:04]} {[%emt 00:00:38]} fxe6 {[%clk 00:40:58]}
{[%emt 00:00:52]} 22. Nxe6 {[%clk 01:01:48]} {[%emt 00:00:46]} Nc4 {[%clk
00:38:44]} {[%emt 00:02:44]} 23. Bxc4 {[%clk 01:00:36]} {[%emt 00:01:42]} bxc4
{[%clk 00:38:40]} {[%emt 00:00:35]} 24. Qf4 {[%clk 00:58:47]} {[%emt 00:02:19]}
Kf7 {[%clk 00:32:54]} {[%emt 00:06:16]} 25. Re1 {[%clk 00:53:59]} {[%emt
00:05:17]} Rhe8 {[%clk 00:31:17]} {[%emt 00:02:07]} 26. Ng5+ {[%clk 00:54:04]}
{[%emt 00:00:26]} Kg7 {[%clk 00:30:49]} {[%emt 00:00:58]} 27. Re5 {[%clk
00:54:04]} {[%emt 00:00:30]} Re7 {[%clk 00:29:17]} {[%emt 00:02:01]} 28. Rhe1
{[%clk 00:39:48]} {[%emt 00:14:46]} Rae8 {[%clk 00:29:12]} {[%emt 00:00:36]}
29. R1e2 {[%clk 00:33:34]} {[%emt 00:06:44]} a6 {[%clk 00:28:01]} {[%emt
00:01:41]} 30. Kc1 {[%clk 00:32:40]} {[%emt 00:01:24]} Kg8 {[%clk 00:21:20]}
{[%emt 00:07:10]} 31. Qh2 {[%clk 00:25:02]} {[%emt 00:08:08]} 1/2-1/2

[Event "DVM U16 2018"]
[Site "Aurich GER"]
[Date "2018.12.29"]
[Round "5"]
[White "Schnegelberg, Christian"]
[Black "Faßhauer, Jacob"]
[Result "0-1"]
[Termination "normal"]
[Board "2.2"]
[WhiteElo "1836"]
[BlackElo "2062"]
[WhiteClock "00:00:33"]
[BlackClock "00:14:21"]
[WhiteTeam "TV Tegernsee"]
[BlackTeam "SG Leipzig"]
[PlyCount "76"]
[WhiteFideId "12994154"]
[BlackFideId "12990167"]
[EventCountry "GER"]
[EventRounds "7"]
[EventType "team-swiss"]
[EventDate "2018.12.26"]

1. d4 {[%clk 01:30:57]} {[%emt 00:00:03]} Nf6 {[%clk 01:30:51]} {[%emt
00:00:09]} 2. Bg5 {[%clk 01:31:18]} {[%emt 00:00:09]} e6 {[%clk 01:29:10]}
{[%emt 00:02:12]} 3. e4 {[%clk 01:31:42]} {[%emt 00:00:05]} d6 {[%clk
01:28:50]} {[%emt 00:00:50]} 4. Bd3 {[%clk 01:28:45]} {[%emt 00:03:28]} Be7
{[%clk 01:27:13]} {[%emt 00:02:07]} 5. Nf3 {[%clk 01:26:25]} {[%emt 00:02:50]}
Nbd7 {[%clk 01:20:17]} {[%emt 00:07:26]} 6. O-O {[%clk 01:04:03]} {[%emt
00:22:51]} h6 {[%clk 01:16:16]} {[%emt 00:04:31]} 7. Bd2 {[%clk 01:01:06]}
{[%emt 00:03:27]} c5 {[%clk 01:00:42]} {[%emt 00:16:04]} 8. e5 {[%clk
00:46:07]} {[%emt 00:15:29]} Nd5 {[%clk 00:58:13]} {[%emt 00:03:00]} 9. c4
{[%clk 00:41:44]} {[%emt 00:04:53]} N5b6 {[%clk 00:55:45]} {[%emt 00:02:56]}
10. exd6 {[%clk 00:19:43]} {[%emt 00:22:33]} Bxd6 {[%clk 00:55:31]} {[%emt
00:00:44]} 11. d5 {[%clk 00:19:50]} {[%emt 00:00:23]} Nf6 {[%clk 00:54:16]}
{[%emt 00:01:44]} 12. Nc3 {[%clk 00:13:01]} {[%emt 00:07:19]} O-O {[%clk
00:53:36]} {[%emt 00:01:10]} 13. Ne4 {[%clk 00:07:30]} {[%emt 00:06:01]} exd5
{[%clk 00:42:15]} {[%emt 00:11:52]} 14. Nxd6 {[%clk 00:05:25]} {[%emt
00:02:35]} Qxd6 {[%clk 00:42:23]} {[%emt 00:00:22]} 15. cxd5 {[%clk 00:04:19]}
{[%emt 00:01:36]} Nbxd5 {[%clk 00:41:19]} {[%emt 00:01:34]} 16. Bc3 {[%clk
00:04:09]} {[%emt 00:00:39]} Bg4 {[%clk 00:25:53]} {[%emt 00:15:55]} 17. h3
{[%clk 00:00:37]} {[%emt 00:04:03]} Bxf3 {[%clk 00:23:07]} {[%emt 00:03:16]}
18. Qxf3 {[%clk 00:00:57]} {[%emt 00:00:11]} Nxc3 {[%clk 00:23:24]} {[%emt
00:00:12]} 19. bxc3 {[%clk 00:01:23]} {[%emt 00:00:04]} Qd5 {[%clk 00:23:33]}
{[%emt 00:00:15]} 20. Qxd5 {[%clk 00:01:11]} {[%emt 00:00:48]} Nxd5 {[%clk
00:24:01]} {[%emt 00:00:02]} 21. c4 {[%clk 00:00:57]} {[%emt 00:00:45]} Nf6
{[%clk 00:24:18]} {[%emt 00:00:12]} 22. Rab1 {[%clk 00:00:49]} {[%emt
00:00:39]} Rad8 {[%clk 00:24:31]} {[%emt 00:00:16]} 23. Rfd1 {[%clk 00:00:51]}
{[%emt 00:00:28]} b6 {[%clk 00:24:54]} {[%emt 00:00:07]} 24. Bf5 {[%clk
00:00:47]} {[%emt 00:00:33]} g6 {[%clk 00:23:46]} {[%emt 00:01:38]} 25. Bc2
{[%clk 00:01:06]} {[%emt 00:00:12]} Kg7 {[%clk 00:23:49]} {[%emt 00:00:27]} 26.
Kf1 {[%clk 00:01:03]} {[%emt 00:00:34]} Nd7 {[%clk 00:20:13]} {[%emt 00:04:04]}
27. Rd5 {[%clk 00:00:49]} {[%emt 00:00:45]} Nf6 {[%clk 00:20:24]} {[%emt
00:00:19]} 28. Rdd1 {[%clk 00:01:10]} {[%emt 00:00:10]} Nh7 {[%clk 00:19:12]}
{[%emt 00:01:41]} 29. Ba4 {[%clk 00:00:56]} {[%emt 00:00:44]} Ng5 {[%clk
00:18:16]} {[%emt 00:01:26]} 30. Bc6 {[%clk 00:00:44]} {[%emt 00:00:42]} Ne6
{[%clk 00:17:57]} {[%emt 00:00:49]} 31. a4 {[%clk 00:00:43]} {[%emt 00:00:31]}
Rxd1+ {[%clk 00:17:14]} {[%emt 00:01:13]} 32. Rxd1 {[%clk 00:01:05]} {[%emt
00:00:08]} Rd8 {[%clk 00:17:38]} {[%emt 00:00:03]} 33. Rxd8 {[%clk 00:00:49]}
{[%emt 00:00:49]} Nxd8 {[%clk 00:18:06]} {[%emt 00:00:02]} 34. Bd5 {[%clk
00:00:31]} {[%emt 00:00:47]} Kf6 {[%clk 00:18:06]} {[%emt 00:00:30]} 35. Ke2
{[%clk 00:00:46]} {[%emt 00:00:16]} Ne6 {[%clk 00:18:11]} {[%emt 00:00:25]} 36.
Bxe6 {[%clk 00:00:31]} {[%emt 00:00:45]} Kxe6 {[%clk 00:18:29]} {[%emt
00:00:12]} 37. Ke3 {[%clk 00:00:32]} {[%emt 00:00:30]} f5 {[%clk 00:14:13]}
{[%emt 00:04:46]} 38. g3 {[%clk 00:00:33]} {[%emt 00:00:29]} Ke5 {[%clk
00:14:21]} {[%emt 00:00:22]} 0-1